Pretty Little Liars (Season 1) - Statistics

General Stats
  • This quiz has been taken 941 times
  • The average score is 21 of 25
Answer Stats
Hint Answer % Correct
Which liar disappears? Alison
95%
Who gets romantically involved with a girl named Maya? Emily
95%
Who is Hanna's new 'it girl' best friend? Mona
95%
What is the first name of the teacher Aria starts seeing? Ezra
94%
How many liars are there originally? Five
94%
Who receives the first 'A' message? Aria
93%
What disability does Jenna have? Blindness
93%
What subject does he teach her? English
92%
What is Spencer's sister's name? Melissa
92%
Where do the girls live? Rosewood, PA
92%
Who does Spencer's sister elope with? Ian
91%
What is Aria's last name? Montgomery
90%
What does Emily reveal to her parents that they don't like? She is gay
90%
What is Emily's last name? Fields
88%
Who is the first boyfriend of Spencer's sister that is shown? Wren
88%
Who is the suspected killer? Toby
87%
What is Hanna's mother's name? Ashley
86%
Who is the suspected killer's step-sibling? Jenna
86%
Where has Aria been for a year? Iceland
85%
Who is blackmailed into doing things for money by A? Hanna
83%
Who does Spencer meet at the tennis club? Alex
81%
Who is Hanna's boyfriend? Sean
79%
What is the name of the theme song? Secret
73%
What was Mona's birthday party called? Camp Mona
61%
Who sings it? The Pierces
41%
No matching quizzes found
Score Distribution
Percent of People with Each Score
Percentile by Number Answered
Your Score History
You have not taken this quiz